00970nam a22002537a 450000500170000001000130001702000220003003500130005203700160006504000120008108200180009324500960011126000420020727000260024930000250027550000510030065000560035165000500040770000260045770000230048394200270050699900190053395201640055220170124105943.0 aA-842893 c00.00a0194421252 aA-842893 bCen Lib/Ret aDPLbEN a312.6044bCOM aThe communicative approach to language teaching /cedited by C. J. Brumfit [and] K. Johnson aOxfordbOxford University Pressc1979 bOxfordaWalton Street ax, 243p. :c21cm(Hb) aIncludes bibliographical references and index  aLanguage and languages -- Study and teaching911764 aEnglish language -- Study and teaching911765 aBrumfit, C. J.911766 aJohnson, K.978667 2ddccENh312.6044mCOM c124730d124730 04104070aLbLd2015-06-18eCen Lib/Retg0.00l0o312.6044 COMpA-842893r2015-06-18 00:00:00t1v0.00w2015-06-18yENzW/d List No. 6896/23 ; dtd 19/10/2020